000 01029nam a2200229Ia 4500
001 909-EUT al an (19403)
003 IT-MiSPE
008 171229s9999||||xx |||||||||||||| ||und||
040 _aIT-MiSPE
_cIT-MiSPE
041 _aITALIANO
100 _aEutichio di Alessandria
245 0 _aGli annali
250 _a1a ed. (v)
260 _aCairo
_bFranciscan Centre of Christian Oriental Studies
_c1987
300 _a536 p.
_c24 cm
490 _aStudia Orientalia Christiana Monographiae
_v1
501 _aEdizioni San Paolo srl - Piazza Soncino, 5 - 20092 CINISELLO BALSAMO (MI) (non commercial uses only) ® Copyright 2018
700 _aBartolomeo Pirone
942 _cBK
957 _71
999 _a5810
_bNO
_g Copie: 1
_c355624
_d355624